000
00285 a2200121 4500
001
64019
082
_a
809.8928 BLY
090
_c
37814
_d
37814
100
_a
Blyton
245
_a
Five go to billycock hill
_h
English
260
_a
UK
_b
HodderChildern's Book
_c
1997
300
_a
185P.
942
_a
NUST-CAE
_k
809.8928 BLY
999
_c
299092
_d
299092